|
|
|
|
| LEADER |
00000cam a2200000 7i4500 |
| 001 |
0000005222 |
| 002 |
000005644 |
| 005 |
20000330.0 |
| 020 |
|
|
|a 0906717558
|
| 090 |
0 |
0 |
|a 420.7
|b LEW
|
| 100 |
1 |
|
|a Lewis, Michael
|
| 245 |
1 |
0 |
|a Practical techniques for language teaching
|c Michael Lewis and Jimmie Hill
|
| 260 |
|
|
|a England :
|b Language Teaching Pub. ,
|c 1992
|
| 300 |
|
|
|a 136p. ;
|c 26cm.
|
| 650 |
0 |
0 |
|a English language
|x Study and teaching
|
| 999 |
|
|
|a 030395
|b BUKU
|c PINJAMAN
|e PERPUSTAKAAN KOMUNITI PETALING JAYA
|
| 999 |
|
|
|a 030396
|b BUKU
|c PINJAMAN
|e PERPUSTAKAAN KOMUNITI PETALING JAYA
|